Crafting and executing strategy, the quest for competitive advantage : (Record no. 1094)
[ view plain ]
| 000 -LEADER | |
|---|---|
| fixed length control field | 00836cam a22002412 4500 |
| 001 - CONTROL NUMBER | |
| control field | 0000019468 |
| 005 - DATE AND TIME OF LATEST TRANSACTION | |
| control field | 20151021151134.0 |
| 008 - FIXED-LENGTH DATA ELEMENTS--GENERAL INFORMATION | |
| fixed length control field | 101207s xx 000 0 eng d |
| 020 ## - INTERNATIONAL STANDARD BOOK NUMBER | |
| International Standard Book Number | 0077137236 : |
| 040 ## - CATALOGING SOURCE | |
| Original cataloging agency | KABU |
| Transcribing agency | KABU |
| 100 1# - MAIN ENTRY--PERSONAL NAME | |
| Personal name | Thompson, Arthur A. |
| -- | 0000157575 |
| 245 10 - TITLE STATEMENT | |
| Title | Crafting and executing strategy, the quest for competitive advantage : |
| Remainder of title | concepts & cases / |
| Statement of responsibility, etc. | Arthur A. Thompson... [et al] |
| 250 ## - EDITION STATEMENT | |
| Edition statement | 17th ed. |
| 260 ## - PUBLICATION, DISTRIBUTION, ETC. (IMPRINT) | |
| Place of publication, distribution, etc. | Boston : |
| Name of publisher, distributor, etc. | McGraw-Hill, |
| Date of publication, distribution, etc. | 2010. |
| 300 ## - PHYSICAL DESCRIPTION | |
| Extent | 1 v. (various pagings) |
| 650 #0 - SUBJECT ADDED ENTRY--TOPICAL TERM | |
| Topical term or geographic name as entry element | Strategic planning. |
| -- | 0000150576 |
| 650 #0 - SUBJECT ADDED ENTRY--TOPICAL TERM | |
| Topical term or geographic name as entry element | Strategic planning |
| General subdivision | Case studies. |
| -- | 0000150586 |
| 700 1# - ADDED ENTRY--PERSONAL NAME | |
| Personal name | Strickland, A. J. |
| -- | 0000157574 |
| 700 1# - ADDED ENTRY--PERSONAL NAME | |
| Personal name | Gamble, John E. |
| -- | 0000179181 |
| 852 1# - LOCATION | |
| -- | p3640 KES |
| 908 ## - PUT COMMAND PARAMETER (RLIN) | |
| Put command parameter | 101207 |
| 950 ## - LOCAL HOLDINGS (RLIN) | |
| -- | 1 |
| Withdrawn status | Lost status | Source of classification or shelving scheme | Not for loan | Home library | Current library | Date acquired | Total Checkouts | Full call number | Barcode | Date last seen | Date last checked out | Price effective from | Koha item type |
|---|---|---|---|---|---|---|---|---|---|---|---|---|---|
| Library of Congress Classification | Kabarak, Main Campus | Kabarak, Main Campus | 17/12/2015 | 1 | HD30.28 .C73 2010 c. 1 | 23191 | 02/08/2024 | 22/01/2016 | 17/12/2015 | General Collection | |||
| Library of Congress Classification | Kabarak, Nakuru City Campus | Kabarak, Nakuru City Campus | 21/10/2015 | 1 | HD30.28 .C73 2010 c. 1 | 23247 | 30/08/2024 | 26/01/2016 | 21/10/2015 | General Collection |